|
|
แสดงรายละเอียดบรรณานุกรม |
|
|
Brief Record
: Get Marc (ISO 2709)
: E-mail record
: |
|
|
| LEADER 00000nama 2200000uu 4500 | |||
| 008 040531s|||| th m m a000 0 tha d | |||
| 041 tha | |||
| 050 VCD 000020 | |||
| 100 ส่วนแผนงานสถาบันพระบรมราชชนก. | |||
| 245 เทปบันทึกการประชุมสัมมนาผู้บริหารในสังกัดสถาบันพระบรมราชชนก เรื่อง "การปรับโครงสร้าง สถาบันพระบรมราชชนก" ระหว่างวันที่ 26-28 มิถุนายน 2545 ณ บางกอก กอล์ฟ สปารีสอร์ท จังหวัดปทุมธานี. | |||
| 260 ปทุมธานี. สถาบันพระบรมราชชนก. 2545. | |||
| 300 1 แผ่น. | |||
| 600 สถาบันพระบรมราชชนก. | |||
| 650 สถาบันพระบรมราชชนก--การปรับโครงสร้าง. | |||
| 995 200 | |||
| 999 ^aใช้งานได้ทุกระบบ | |||
| คุณยังไม่ได้ล็อกอิน คุณสามารถมีกิจกรรมร่วมกับเว็บไซต์ได้ แต่ต้องล็อกอินก่อน :: |
|
| สถานะ | |||||||||
| 1. | สื่อวีดิทัศน์ | VCD 000020 | On Shelf ขอยืม | ||||||
| 2. | สื่อวีดิทัศน์ | VCD 000020 ฉ.2 | On Shelf ขอยืม | ||||||
| [แสดง 2/2 รายการ] | |||||||||
BibComment |
| คอมเมนท์ทรัพยากรรายการนี้ |
|
|